000
00341 a2200157 4500
001
126908
020
_a
9788586790782
040
_c
Escola Canadense de Niteroi
090
_a
CAN
245
1
0
_a
Poesia, Furacão de Versos.
250
_a
1.ed.
260
_a
Rio de Janeiro
300
_c
6 x 23.6 x 0.5 cm
362
0
_a
2021
942
_c
BK
999
_c
126908
_d
126908